| 000 | 01354cam a2200289 i 4500 | ||
|---|---|---|---|
| 003 | SA-RiAUC | ||
| 005 | 20260123130117.0 | ||
| 008 | 260119s1996 su g 00000 ara c | ||
| 020 | _a996079511X | ||
| 040 |
_aSA-JeALM _bara _cSA-RiAUC _erda |
||
| 050 | 4 | _bI26 1996 | |
| 082 | 0 | 4 | _a237.2 |
| 090 |
_a237.2 _bا ب ن ص |
||
| 100 | 1 |
_aابن الصباح الزعفراني، الحسن بن محمد بن الصباح، _dتوفي 259 هجري _eمؤلف. |
|
| 245 | 1 | 0 |
_aمسند بلال بن رباح رضي الله عنه / _cلأبي علي الزعفراني ؛ تحقيق محمد بن عمر بن عبد الرحمن بن عبد الله العقيل أبو عبد الرحمن بن عقيل الظاهري. |
| 250 | _aالطبعة الأولى. | ||
| 264 | 1 |
_aالرياض : _bدار ابن حزم للنشر والتوزيع، _c1996 |
|
| 300 |
_a39 صفحة ؛ _c18 سم. |
||
| 336 |
_aنص _btxt _2rdacontent _3كتاب |
||
| 337 |
_aبدون وسيط _bn _2rdamedia |
||
| 490 | 0 |
_aسلسلة الأجزاء المحققة ؛ _v1 |
|
| 650 | 7 |
_aالحديث _xالمسانيد _2aucsh |
|
| 650 | 7 |
_aالحديث _xمسند بلال بن رباح _2aucsh |
|
| 700 | 1 |
_aالظاهري، أبو عبد الرحمن بن عقيل، _d1357 هجري- _eمحقق. |
|
| 942 |
_2ddc _cBOOK _n0 |
||
| 949 |
_aSA-JeALM _d260119 _uosman123 _n1 |
||
| 999 |
_c14124 _d14124 |
||